000 01580nam a2200325 c 4500
999 _c49937
_d49937
003 BLK
005 20220722125528.0
008 180408b bul|||||r ||||||| ||bul||
010 _aKNG00053798000
040 _aBLK
041 _aBUL
_cBUL
080 _aРуска литература
_b821.161.1
_x-32
_z821.161.1-32
100 1 _aГамзатов, Расул Гамзатович
_eпърви автор
_950852
139 _aГамзатов, Расул Гамзатович
_bГ 18
245 1 0 _aМоят Дагестан
_bЛирична повест : Кн. 1 - 2
_cРасул Гамзатович Гамзатов; предг. от Владимир Алексеевич Солоухин; прев. от рус. Елка Петрова Хаджиева
_nКн. 2
257 _aSUN
260 _bХристо Г. Данов
_c1974
_aПловдив
300 _a237 с. : с ил.
_c21 см
380 _aX
500 _aОриг. загл. Мой Дагестан.
700 1 _aСолоухин, Владимир Алексеевич
_eпредг. от
_9122145
700 1 _aХаджиева, Елка Петрова
_eпрев. от рус.
_9276097
760 1 _aГамзатов, Расул Гамзатович
_d1974
_h237 с. : с ил.
_n15 000 тир.
_tКн. 2
852 _aЦб 64962
856 4 _qpdf
856 4 _qpdf
942 _cKNG
_n0
_s1
944 _aCR
_c13.09.2016
_kКети_Илиева
944 _aED
_c13.09.2016
_kКети_Илиева
999 _d49937